Sermones del P. Carlos Frey de Neuville predicador de Luis XV, Rey de Francia (Record no. 8390)

MARC details
000 -CABECERA
campo de control de longitud fija 01805nam a2200313 a 4500
001 - NÚMERO DE CONTROL
campo de control BRCA_8738
005 - FECHA Y HORA DE LA ÚLTIMA TRANSACCIÓN
campo de control 20190320210402.0
008 - DATOS DE LONGITUD FIJA--INFORMACIÓN GENERAL
campo de control de longitud fija 220217s1789----sp-#######---#000-0#spa-#
041 ## - CÓDIGO DE LENGUA
Código de lengua del texto/banda sonora o título independiente spa
044 ## - CÓDIGO DEL PAÍS DE LA ENTIDAD EDITORA/PRODUCTORA
Código MARC del país sp
084 ## - OTRO NÚMERO DE CLASIFICACIÓN
Número de clasificación BE96
Número de documento/Ítem .S47 1789
245 10 - MENCIÓN DE TÍTULO
Título Sermones del P. Carlos Frey de Neuville predicador de Luis XV, Rey de Francia
Mención de responsabilidad, etc. traducidos del francés por D. Juan Antonio Pellicer de la Real Biblioteca.
260 ## - PUBLICACIÓN, DISTRIBUCIÓN, ETC.
Lugar de publicación, distribución, etc. Madrid
Nombre del editor, distribuidor, etc. Por Don Blas Roman
Fecha de publicación, distribución, etc. 1789
300 ## - DESCRIPCIÓN FÍSICA
Extensión [1], 294 p. (t.7)
Dimensiones 21.3 x 15 cm
500 ## - NOTA GENERAL
Nota general Con marca de fuego: “Procedencia de la marca: Colegio Jesuita de San Francisco Xavier de la Ciudad de Querétaro (1). Institución: Provincia Mexicana de la Compañía de Jesús. Descripción: Iniciales S. Xr. Q. que se desata como S[an] X[avie]r [de] Q[uerétaro.]. Observaciones: A falta de un testimonio de pertenencia se hace la atribución de la marca en función a la realizada por David Saavedra Vega. Se espera localizar otro ejemplar que corrobore esta atribución. Ubicación de la marca en el libro: Canto superior”
500 ## - NOTA GENERAL
Nota general Vendense en casa de D. Antonio Baylo calle de las Carretas.
500 ## - NOTA GENERAL
Nota general Con las licencias necesarias.
500 ## - NOTA GENERAL
Nota general Estado físico: presenta encuadernación en pergamino
505 0# - NOTA DE CONTENIDO CON FORMATO
Nota de contenido con formato Contiene: t7. Panegiricos
600 14 - PUNTO DE ACCESO ADICIONAL DE MATERIA--NOMBRE DE PERSONA
Nombre de persona Frey de Neuville, Charles
Fechas asociadas al nombre 1693-1774
9 (RLIN) 21752
650 14 - PUNTO DE ACCESO ADICIONAL DE MATERIA--TÉRMINO DE MATERIA
Término de materia o nombre geográfico como elemento de entrada Iglesia católica
Subdivisión general Sermones
9 (RLIN) 21286
650 14 - PUNTO DE ACCESO ADICIONAL DE MATERIA--TÉRMINO DE MATERIA
Término de materia o nombre geográfico como elemento de entrada Año litúrgico
Subdivisión general Sermones
9 (RLIN) 21753
650 14 - PUNTO DE ACCESO ADICIONAL DE MATERIA--TÉRMINO DE MATERIA
Término de materia o nombre geográfico como elemento de entrada Sermones
Subdivisión cronológica Siglo XVIII
9 (RLIN) 21754
700 1# - PUNTO DE ACCESO ADICIONAL--NOMBRE DE PERSONA
Nombre de persona Pellicer, Juan Antonio
Término indicativo de función/relación tr.
9 (RLIN) 21755
700 1# - PUNTO DE ACCESO ADICIONAL--NOMBRE DE PERSONA
Nombre de persona Roman, Blas
Término indicativo de función/relación Impresor
9 (RLIN) 21756
856 ## - LOCALIZACIÓN Y ACCESO ELECTRÓNICOS
Nombre del host http://www.marcasdefuego.buap.mx:8180/xmLibris/projects/firebrand/item.jsp?repository=marcas_de_fuego&key=marcas_de_fuego_marcas_de_fuego_20151006120916_4064.xml&num=5
902 ## - CATALOGADOR
Iniciales CFM
942 ## - ELEMENTOS DE PUNTO DE ACCESO ADICIONAL (KOHA)
Fuente del sistema de clasificación o colocación Library of Congress Classification
Tipo de ítem Koha Libros
Holdings
Estado de retiro Estado de pérdida Estado dañado No para préstamo Localización permanente Ubicación/localización actual Fecha de adquisición Total de préstamos Signatura topográfica completa Código de barras Fecha visto por última vez Precio válido a partir de Tipo de ítem Koha
El ejemplar forma parte de la colección y puede ser consultado según las políticas vigentes.       Biblioteca del Museo Franz Mayer (Rogerio Casas-Alatriste) Biblioteca del Museo Franz Mayer (Rogerio Casas-Alatriste) 22/02/2017   BE96 .S47 1789 CFM00075 22/03/2019 22/03/2019 Libros